<?xml version="1.0" encoding="UTF-8"?>
<collection xmlns="http://www.loc.gov/MARC21/slim">
 <record>
  <leader>01098pam a22002538a 4500</leader>
  <controlfield tag="001">00023600</controlfield>
  <controlfield tag="005">20190312160316.0</controlfield>
  <controlfield tag="008">110627s2005                  ||||||Viesd</controlfield>
  <datafield tag="020" ind1="#" ind2="#">
   <subfield code="c">17000</subfield>
  </datafield>
  <datafield tag="041" ind1="0" ind2="#">
   <subfield code="a">Vie</subfield>
  </datafield>
  <datafield tag="082" ind1="1" ind2="4">
   <subfield code="a">519.2</subfield>
   <subfield code="b">L300TH</subfield>
  </datafield>
  <datafield tag="100" ind1="0" ind2="#">
   <subfield code="a">Đinh Văn Gắng</subfield>
  </datafield>
  <datafield tag="245" ind1="0" ind2="0">
   <subfield code="a">Lí thuyết xác suất và thống kê</subfield>
   <subfield code="c">Đinh Văn Gắng</subfield>
  </datafield>
  <datafield tag="250" ind1="#" ind2="#">
   <subfield code="a">Tái bản lần thứ tư</subfield>
  </datafield>
  <datafield tag="260" ind1="#" ind2="#">
   <subfield code="a">H.</subfield>
   <subfield code="b">Giáo Dục</subfield>
   <subfield code="c">2005</subfield>
  </datafield>
  <datafield tag="300" ind1="#" ind2="#">
   <subfield code="a">249tr.</subfield>
   <subfield code="c">21 cm.</subfield>
  </datafield>
  <datafield tag="650" ind1="#" ind2="4">
   <subfield code="a">Lý thuyết xác xuất</subfield>
  </datafield>
  <datafield tag="650" ind1="#" ind2="4">
   <subfield code="a">Thông kế toán học</subfield>
  </datafield>
  <datafield tag="653" ind1="#" ind2="#">
   <subfield code="a">Giáo trình</subfield>
  </datafield>
  <datafield tag="852" ind1="#" ind2="#">
   <subfield code="b">Kho giáo trình</subfield>
   <subfield code="j">KGT.0004531, KGT.0004532, KGT.0004533, KGT.0032458, KGT.0047446</subfield>
  </datafield>
  <datafield tag="852" ind1="#" ind2="#">
   <subfield code="b">Kho mượn</subfield>
   <subfield code="j">KGT.0004531</subfield>
  </datafield>
  <datafield tag="852" ind1="#" ind2="#">
   <subfield code="j">KGT.0004532</subfield>
   <subfield code="j">KGT.0004533</subfield>
   <subfield code="j">KGT.0032458</subfield>
   <subfield code="j">KGT.0047446</subfield>
   <subfield code="j">KGT.0004531</subfield>
   <subfield code="j">KD.0024493</subfield>
   <subfield code="j">KGT.0055312</subfield>
   <subfield code="j">KGT.0055313</subfield>
   <subfield code="j">KGT.0055314</subfield>
   <subfield code="j">KGT.0055315</subfield>
   <subfield code="j">KGT.0055316</subfield>
   <subfield code="j">KGT.0055317</subfield>
   <subfield code="j">KGT.0055318</subfield>
   <subfield code="j">KGT.0055319</subfield>
   <subfield code="j">KGT.0055320</subfield>
   <subfield code="j">KGT.0055321</subfield>
   <subfield code="j">KGT.0055224</subfield>
  </datafield>
  <datafield tag="910" ind1="0" ind2="#">
   <subfield code="d">27/06/2011</subfield>
   <subfield code="e">ltkchi</subfield>
   <subfield code="f">12/03/2019</subfield>
  </datafield>
  <datafield tag="980" ind1="#" ind2="#">
   <subfield code="a">Trung tâm Học liệu Lê Vũ Hùng, Trường Đại học Đồng Tháp</subfield>
  </datafield>
 </record>
</collection>
